[Event "There often isn't just one right move "]
[Site "SchemingMind.com"]
[Date "2012.04.24"]
[Round "-"]
[White "Olli Ylönen"]
[Black "Iucounu"]
[Result "1-0"]
[WhiteCountry "FIN"]
[BlackCountry "ENG"]
[WhiteElo "1845"]
[WhiteRD "53"]
[BlackElo "1384"]
[BlackRD "49"]
[GameID "309211"]

1. d4 d5 2. c4 dxc4 3. Nf3 Bg4 4. Ne5 Bf5 5. Nc3 e6 6. e4 Bg6 7. Bxc4 Bb4 8. Qa4+ Nc6 9. Nxc6 Bxc3+ 10. bxc3 bxc6
11. Qxc6+ Kf8 12. Ba3+ Ne7 13. O-O Kg8 14. Bxe7 Qe8 15. Qxe8+ Rxe8 16. Bc5 Bxe4 17. Bxa7 c6 18. Rfe1 Bd5 19. Bxd5 cxd5 20. Bc5 h6
21. a4 Ra8 22. f4 Kh7 23. Reb1 Kg6 24. a5 Kf5 25. g3 Rhb8 26. Rxb8 Rxb8 27. a6
1-0

[Event "There often isn't just one right move "]
[Site "SchemingMind.com"]
[Date "2012.04.24"]
[Round "-"]
[White "Iucounu"]
[Black "Olli Ylönen"]
[Result "1/2-1/2"]
[WhiteCountry "ENG"]
[BlackCountry "FIN"]
[WhiteElo "1384"]
[WhiteRD "49"]
[BlackElo "1845"]
[BlackRD "53"]
[GameID "309217"]

1. e4 e5 2. Nf3 Nf6 3. Nc3 Nc6 4. Bb5 Nd4 5. Nxe5 Qe7 6. Nf3 Nxb5 7. Nxb5 Qxe4+ 8. Qe2 Qxe2+ 9. Kxe2 Nd5 10. c3 a6
11. Nbd4 Bc5 12. Re1 O-O 13. d3 d6 14. Be3 Re8 15. Kd2 Bg4 16. h3 Bxd4 17. Nxd4 Nxe3 18. Rxe3 Rxe3 19. Kxe3 Re8+ 20. Kd2 Bd7
21. Re1 Rxe1 22. Kxe1 f5 23. Ke2 Kf7 24. f4 Kf6 25. g3 g5 26. Kf3 c5 27. Ne2 d5 28. d4 cxd4 29. Nxd4 gxf4 30. Kxf4 h5
31. Nc2 Be6 32. Nd4 Bd7 33. h4 b6 34. b3 b5=
1/2-1/2

[Event "There often isn't just one right move "]
[Site "SchemingMind.com"]
[Date "2012.04.30"]
[Round "-"]
[White "lennart"]
[Black "John Galvin"]
[Result "0-1"]
[WhiteCountry "SWE"]
[BlackCountry "USA"]
[WhiteElo "1543"]
[WhiteRD "55"]
[BlackElo "2325"]
[BlackRD "59"]
[GameID "309578"]

1. e4 e5 2. Nf3 Nc6 3. Bd3 Nf6 4. Nc3 Bc5 5. Na4 Bb6 6. Nxb6 axb6 7. h3 d5 8. exd5 Qxd5 9. O-O e4 10. Qe2 O-O
11. Bc4 exf3 12. Qd3 Qc5 13. b3 Nd4 14. b4 Qg5 15. g3 Ne2+ 16. Kh2 Qh5
0-1

[Event "There often isn't just one right move "]
[Site "SchemingMind.com"]
[Date "2012.05.06"]
[Round "-"]
[White "cnile"]
[Black "Majoanis"]
[Result "1-0"]
[WhiteCountry "SCO"]
[BlackCountry "CAN"]
[WhiteElo "1446"]
[WhiteRD "60"]
[BlackElo "1687"]
[BlackRD "53"]
[GameID "309715"]

1. d4 d5 2. c4 c6 3. Nc3 Nf6 4. e3 g6 5. Nf3 Bg7 6. Be2 O-O 7. O-O a6 8. b3 Bg4 9. Ba3 b5 10. cxb5 cxb5
11. Rc1 Nbd7 12. h3 Bxf3 13. Bxf3 Nb6 14. Bc5 Nc8 15. Re1 Re8 16. Ba3 e6 17. Bc5 Rb8 18. b4 Nb6 19. Be2
1-0

[Event "There often isn't just one right move "]
[Site "SchemingMind.com"]
[Date "2012.05.05"]
[Round "-"]
[White "Majoanis"]
[Black "cnile"]
[Result "0-1"]
[WhiteCountry "CAN"]
[BlackCountry "SCO"]
[WhiteElo "1527"]
[WhiteRD "52"]
[BlackElo "1447"]
[BlackRD "58"]
[GameID "309720"]

1. d4 e6 2. Nf3 d5 3. c4 Nf6 4. g3 c6 5. Bg2 Qa5+ 6. Bd2 Bb4 7. O-O Nbd7 8. a3 Bxd2 9. Qxd2 Qxd2 10. Nbxd2 O-O
11. Rfd1 Re8 12. Rac1 e5 13. dxe5 Nxe5 14. Nxe5 Rxe5 15. e3 Be6 16. Nf3 Re4 17. cxd5 Bxd5 18. Ng5 Ree8 19. Bxd5 cxd5 20. Rc7 Rf8
21. Rxb7 a6 22. Rc1 h6 23. Nf3 Ne4
0-1

[Event "There often isn't just one right move "]
[Site "SchemingMind.com"]
[Date "2012.05.07"]
[Round "-"]
[White "miriskra"]
[Black "reo"]
[Result "0-1"]
[WhiteCountry "WLS"]
[BlackCountry "THA"]
[WhiteElo "1784"]
[WhiteRD "69"]
[BlackElo "1864"]
[BlackRD "83"]
[GameID "309960"]

1. d4 f5 2. c4 e6 3. g3 Nf6 4. Bg2 Bb4+ 5. Bd2 Qe7 6. Nc3 O-O 7. a3 Bxc3 8. Bxc3 Nc6 9. b4 Qf7 10. Nh3 d5
11. b5 Ne7 12. c5 c6 13. a4 Ng4 14. O-O Ng6 15. e3 Nf6 16. f3 Bd7 17. Qb3 Rae8 18. Nf4 Nxf4 19. exf4 Qh5 20. Rfe1 g5
21. fxg5 Qxg5 22. Ra2 Nh5 23. Rae2 Rf7 24. Bd2 Qg6 25. Re5 Rg7 26. R1e2 Kh8 27. Qd3 Nf6 28. Bh3 h5 29. bxc6 bxc6 30. f4 h4
31. Rg2 Qh5 32. Qe2 Ng4 33. Bxg4 Qxg4 34. gxh4 Qxh4 35. Rxg7 Kxg7 36. Re3 Kf7 37. Rg3 Qh8 38. Qf2 Rb8 39. Ba5 Rb1+ 40. Kg2 Ra1
41. Bc7 Rxa4 42. Be5 Qh5 43. Qb2 Bc8 44. h3 Qd1 45. h4 Ra1 46. Rg7+ Kf8 47. Qxa1 Qxa1 48. h5 Ba6 49. h6 Qf1+ 50. Kg3 Be2
51. Bd6+ Ke8 52. Re7+ Kd8 53. Rxe6 Qg1+
0-1

[Event "There often isn't just one right move "]
[Site "SchemingMind.com"]
[Date "2012.05.07"]
[Round "-"]
[White "reo"]
[Black "miriskra"]
[Result "0-1"]
[WhiteCountry "THA"]
[BlackCountry "WLS"]
[WhiteElo "1791"]
[WhiteRD "93"]
[BlackElo "1829"]
[BlackRD "64"]
[GameID "309965"]

1. e4 e6 2. d4 d5 3. e5 b6 4. Nf3 Ba6 5. Bxa6 Nxa6 6. Qe2 Nb8 7. O-O c5 8. c3 c4 9. Nbd2 b5 10. b3 Nc6
11. bxc4 dxc4 12. Ne4 h5 13. Nfg5 Nh6 14. Qxh5 Qd7 15. a4 b4 16. Bd2 a5 17. Rfd1 b3 18. Nc5 Bxc5 19. dxc5 Nxe5 20. Bf4 Nd3
21. Bd6 Qc6 22. Nxe6 Kd7 23. Nd4 Qe4 24. Nb5 g6 25. Qg5 Rae8 26. Qd2 Nf5 27. Nd4 Nxd4 28. cxd4 Qxd4 29. Re1 c3
0-1

[Event "There often isn't just one right move "]
[Site "SchemingMind.com"]
[Date "2012.05.09"]
[Round "-"]
[White "harsh"]
[Black "Lastcafe"]
[Result "0-1"]
[WhiteCountry "IND"]
[BlackCountry "THA"]
[WhiteElo "1990"]
[WhiteRD "79"]
[BlackElo "2080"]
[BlackRD "81"]
[GameID "310096"]

1. d4 d5 2. c4 c6 3. Nf3 Nf6 4. Nc3 e6 5. e3 Nbd7 6. Bd3 dxc4 7. Bxc4 b5 8. Bd3 Bb7 9. Qe2 a6 10. O-O c5
11. b3 Rc8 12. Bb2 Be7 13. e4 cxd4 14. Nxd4 Rxc3 15. Bxc3 Nc5 16. Rad1 Nxd3 17. Rxd3 Qb6 18. e5 Nd5 19. Bd2 O-O 20. Qg4 g6
21. Rh3 Rd8= 22. Rd1 h5 23. Rxh5 Nf4 24. Bxf4 Rxd4 25. Rxd4 Qxd4 26. h4 Bc5 27. Rg5 Qxf2+ 28. Kh2 Be4 29. h5 Kf8 30. Qg3 Qg1+
31. Kh3 Qh1+ 32. Qh2 Qb1 33. h6 Kg8 34. Qg3 Kh7 35. a4 bxa4 36. bxa4 Qh1+ 37. Qh2 Qf1 38. a5 Be7 39. Be3 Bf5+ 40. Rxf5 exf5
41. Qg3 g5 42. Qf2 Qh1+ 43. Kg3 Qh4+
0-1

[Event "There often isn't just one right move "]
[Site "SchemingMind.com"]
[Date "2012.05.10"]
[Round "-"]
[White "Adrian Grajczak"]
[Black "maro"]
[Result "1-0"]
[WhiteCountry "POL"]
[BlackCountry "MEX"]
[WhiteElo "2118"]
[WhiteRD "65"]
[BlackElo "1350"]
[BlackRD "63"]
[GameID "310100"]

1. e4 e5 2. Nf3 Nc6 3. Bb5 a6 4. Ba4 Nge7 5. O-O d6 6. c3 Bd7 7. d4 exd4 8. cxd4 b5 9. Bb3 g6 10. Ng5 Be6
11. Bxe6 fxe6 12. Nxe6 Qd7 13. d5 Ne5 14. f4 Nc4 15. b3 Nb6 16. Bb2 Bh6 17. Bxh8 g5 18. Qh5+
1-0

[Event "There often isn't just one right move "]
[Site "SchemingMind.com"]
[Date "2012.05.09"]
[Round "-"]
[White "Lastcafe"]
[Black "harsh"]
[Result "1-0"]
[WhiteCountry "THA"]
[BlackCountry "IND"]
[WhiteElo "1923"]
[WhiteRD "89"]
[BlackElo "2077"]
[BlackRD "78"]
[GameID "310102"]

1. a3 d5 2. d4 Nf6 3. Nf3 e6 4. Bf4 Bd6 5. e3 Bxf4 6. exf4 Nbd7 7. Bd3 b6 8. O-O Bb7 9. c3 c5 10. Nbd2 cxd4
11. cxd4 O-O 12. f5 Ne4 13. fxe6 fxe6 14. Rc1 Rf4 15. Qe2 Ndf6 16. g3 Rg4 17. h4 Nxg3 18. Qxe6+ Kh8 19. fxg3 Rxg3+ 20. Kh2 Qc7
21. Rxc7
1-0

[Event "There often isn't just one right move "]
[Site "SchemingMind.com"]
[Date "2012.05.11"]
[Round "-"]
[White "maro"]
[Black "Adrian Grajczak"]
[Result "0-1"]
[WhiteCountry "MEX"]
[BlackCountry "POL"]
[WhiteElo "1341"]
[WhiteRD "64"]
[BlackElo "2126"]
[BlackRD "65"]
[GameID "310106"]

1. e4 d6 2. Nc3 Nf6 3. d4 e5 4. d5 g6 5. Bg5 Bg7 6. Nf3 O-O 7. Be2 Nbd7 8. O-O a5 9. a4 Nc5 10. b3 h6
11. Bxf6 Bxf6 12. Re1 Bg7 13. Bf1 f5 14. g3 Bd7 15. Bb5 c6 16. dxc6 Bxc6 17. Bc4+ Kh7 18. Bd5 Qe7 19. Bxc6 bxc6 20. Ne2 Nxe4
21. Nc1 Nc3 22. Qd3 e4 23. Qd2 Nd5 24. Na2 Bxa1 25. Rxa1 exf3 26. Qd3 Qe4
0-1

[Event "There often isn't just one right move "]
[Site "SchemingMind.com"]
[Date "2012.05.11"]
[Round "-"]
[White "ray winteringham"]
[Black "kingsman2"]
[Result "0-1"]
[WhiteCountry "ENG"]
[BlackCountry "NIR"]
[WhiteElo "1519"]
[WhiteRD "49"]
[BlackElo "1540"]
[BlackRD "107"]
[GameID "310161"]

1. e4 e5 2. Nf3 Nc6 3. Bb5 Nf6 4. d3 Bb4+ 5. Bd2 O-O 6. Bxc6 Bxd2+ 7. Nbxd2 dxc6 8. O-O Bg4 9. h3 Be6 10. Nxe5 Qd4
11. Nec4 b5 12. Na5 Qxb2 13. Nxc6 Rfe8 14. Qb1 Qxb1 15. Rfxb1 a6 16. Nb3 Bd7 17. Nca5 Rab8 18. c4 h6 19. Nc5 bxc4 20. dxc4 Rxb1+
21. Rxb1 Rc8 22. Nxd7 Nxd7 23. Nc6 Re8 24. Rb7 Nc5 25. f3 Nxb7 26. Nb4 Nc5 27. Nd5 Ne6 28. Kf2 Rb8 29. a3 Rb2+ 30. Kg3 Rc2
0-1

[Event "There often isn't just one right move "]
[Site "SchemingMind.com"]
[Date "2012.05.11"]
[Round "-"]
[White "kingsman2"]
[Black "ray winteringham"]
[Result "0-1"]
[WhiteCountry "NIR"]
[BlackCountry "ENG"]
[WhiteElo "1540"]
[WhiteRD "107"]
[BlackElo "1519"]
[BlackRD "49"]
[GameID "310165"]

1. d4 Nf6 2. c4 e6 3. Nf3 d5 4. e3 c6 5. Nc3 Bb4 6. Bd2 O-O 7. Be2 Bxc3 8. Bxc3 b6 9. Qc2 h6 10. Bb4 Re8
11. Bd3 a5 12. Qa4 Bb7 13. Bc3 Na6 14. Ne5 c5 15. Qc2 Nb4 16. Bxb4 axb4 17. b3 Ne4 18. O-O Nc3 19. f4 dxc4 20. bxc4 cxd4
21. e4 f6 22. Ng4 Qc8 23. Qb3 Ra3 24. Qb2 e5 25. f5 Bxe4 26. Nf2 Bxd3 27. Nxd3 Qxc4 28. Nxb4 Rea8 29. Rf2 R8a4 30. Nc2 Rxa2
31. Qc1 Ne2+ 32. Rxe2 Rxa1 33. Qf1 Qxe2
0-1

[Event "There often isn't just one right move "]
[Site "SchemingMind.com"]
[Date "2012.05.13"]
[Round "-"]
[White "tyler_ensor"]
[Black "Louis Lima"]
[Result "0-1"]
[WhiteCountry "CAN"]
[BlackCountry "ESP"]
[WhiteElo "1856"]
[WhiteRD "81"]
[BlackElo "1917"]
[BlackRD "92"]
[GameID "310318"]

1. d4 Nf6 2. c4 c5 3. d5 e5 4. Nc3 d6 5. e4 Nbd7 6. Bd3 a6 7. Nge2 h5 8. Bg5 Be7 9. Qd2 Nxd5 10. Bxe7 Nxe7
11. O-O-O Nc6 12. Nd5 Nb6 13. f4 Nd4 14. fxe5 dxe5 15. Qa5 Nxd5 16. Qxd8+ Kxd8 17. exd5 Bg4 18. Rde1= Bxe2 19. Bxe2 g5 20. Bd1 f6
21. Rhf1 Ke7 22. d6+ Ke6 23. g4 h4 24. Bc2 Nxc2 25. Kxc2 Rad8 26. Rd1 Rhf8 27. Rd5 b6 28. Rfd1 Rd7 29. a3 Rfd8 30. b4 Rxd6
31. Rxd6+ Rxd6 32. Rxd6+ Kxd6 33. Kd3 cxb4 34. axb4 a5 35. c5+ bxc5 36. bxa5 Kc6 37. Kc4 e4 38. a6 Kb6 39. a7 Kxa7 40. h3 Kb6
41. Kd5 e3
0-1

[Event "There often isn't just one right move "]
[Site "SchemingMind.com"]
[Date "2012.05.13"]
[Round "-"]
[White "Louis Lima"]
[Black "tyler_ensor"]
[Result "1/2-1/2"]
[WhiteCountry "ESP"]
[BlackCountry "CAN"]
[WhiteElo "1913"]
[WhiteRD "95"]
[BlackElo "1856"]
[BlackRD "81"]
[GameID "310324"]

1. d4 d5 2. Nf3 Nf6 3. e3 c5 4. b3 Nc6 5. a3 Bg4 6. Bb2 cxd4 7. exd4 e6 8. Bd3 Bd6 9. Nbd2 O-O 10. h3 Bh5
11. g4 Bg6 12. Bxg6 hxg6 13. Ne5 Qc7 14. f4 Rfd8 15. h4 Rac8 16. Rc1 Qb6 17. c3 Na5 18. h5 gxh5 19. g5 Ng4 20. Rxh5 Nxe5
21. fxe5 g6 22. Rh3 Be7 23. Qg4 Kg7 24. b4 Rh8 25. Rc2 Nc6 26. Nf3 Rxh3 27. Qxh3 Rh8 28. Qg3 Qd8 29. Rg2 Rh5 30. Bc1 Nb8
31. Rh2 Qh8 32. Kf2 Nd7 33. Rxh5 Qxh5 34. Qh2 Qxh2+ 35. Nxh2 Nb6 36. Ng4 Nc4 37. Ke2 Nb6 38. Kd3= Nd7 39. Nf2 Nf8 40. Nh3 Nh7
41. Kc2 Kf8 42. Kb3 Ke8=
1/2-1/2

[Event "There often isn't just one right move "]
[Site "SchemingMind.com"]
[Date "2012.05.18"]
[Round "-"]
[White "Zerstörer"]
[Black "vista"]
[Result "0-1"]
[WhiteCountry "ITA"]
[BlackCountry "JPN"]
[WhiteElo "1597"]
[WhiteRD "86"]
[BlackElo "1286"]
[BlackRD "107"]
[GameID "310575"]

1. d4 d5 2. c4 dxc4 3. Nc3 e6 4. e3 e5 5. Bxc4 Bd6 6. dxe5 Bxe5 7. Bxf7+ Ke7 8. Qxd8+ Kxd8 9. Nge2 Bxc3+ 10. Nxc3 Ne7
11. O-O Rf8
0-1

[Event "There often isn't just one right move "]
[Site "SchemingMind.com"]
[Date "2012.05.18"]
[Round "-"]
[White "smothered mate"]
[Black "Clive Everill"]
[Result "1-0"]
[WhiteCountry "POL"]
[BlackCountry "CZE"]
[WhiteElo "1978"]
[WhiteRD "63"]
[BlackElo "1745"]
[BlackRD "55"]
[GameID "310645"]

1. d4 Nf6 2. c4 g6 3. Nc3 d5 4. e3 Bg7 5. Nf3 O-O 6. cxd5 Nxd5 7. Be2 c5 8. O-O Nc6 9. Ne4 cxd4 10. exd4 b6
11. Be3 Nxe3 12. fxe3 Bb7 13. Nfg5 h6 14. Nxf7 Qd5 15. Qb3 Nxd4 16. exd4 Qxd4+ 17. Kh1 Bd5 18. Nxh6+ Bxh6 19. Rfd1 Bxb3 20. Rxd4 Bc2
21. Bf3 Rac8 22. Rd7 Bg7 23. Ng5 Bxb2 24. Bd5+ Kg7 25. Re1 Kh6 26. h4 Bf6 27. Be6 Bxg5 28. hxg5+ Kxg5 29. Rd5+ Bf5 30. Bxc8 Rxc8
31. Rxe7 a6 32. Re6 Rh8+ 33. Kg1 Rb8 34. Re4 Kh6 35. Rb4 Be6 36. Rd2 a5 37. Rb5 Bc4 38. Re5 b5 39. g4 Rb7 40. Rh2+ Kg7
41. g5 a4 42. Re8 Bg8 43. Ra8 Rc7 44. Rb8 Rc1+ 45. Kg2 Bxa2 46. Rxb5 Rc2+ 47. Kg3 Rc3+ 48. Kf4 Bf7 49. Ra5 a3 50. Ra7 a2
51. Rhxa2 Rc4+ 52. Ke3 Rg4 53. Rf2
1-0

[Event "There often isn't just one right move "]
[Site "SchemingMind.com"]
[Date "2012.05.18"]
[Round "-"]
[White "Scooter"]
[Black "Naoki_M"]
[Result "1-0"]
[WhiteCountry "USA"]
[BlackCountry "JPN"]
[WhiteElo "1779"]
[WhiteRD "47"]
[BlackElo "1523"]
[BlackRD "114"]
[GameID "310646"]

1. d4 Nf6 2. Nf3 g6 3. Bf4 Bg7 4. h3 O-O 5. e3 d5 6. Be2 Nc6 7. O-O a6 8. Nbd2 Bf5 9. c3 Ne4 10. Nxe4 Bxe4
11. Bd3 b5 12. Bxe4 dxe4 13. Nd2 f5 14. Qb3+ Kh8 15. c4 Rb8 16. Rac1 b4 17. Qa4 Nxd4 18. exd4 Qxd4 19. Bxc7 Qxd2 20. Bxb8 Rxb8
21. Qxa6 e3 22. fxe3 Qxe3+ 23. Kh1 Bxb2 24. Rce1 Qc5 25. Qe6 Bf6 26. Rd1 Kg7 27. Qd5 Qxd5 28. Rxd5 Rc8 29. c5 Kf7 30. Rb1 Bc3
31. Rb3 Ke6 32. Rd1 Rxc5 33. Rc1 Kd6 34. a3 bxa3 35. Rcxc3 a2 36. Rb6+ Kd5 37. Rxc5+ Kxc5 38. Ra6 Kd5 39. Rxa2 Ke5 40. g3 g5
41. Kg2 h5 42. Kf2 e6 43. Ke3 f4+ 44. gxf4+ gxf4+ 45. Kf3 Kf5 46. Ra5+ e5 47. Rb5 h4 48. Rc5 Ke6 49. Ke4
1-0

[Event "There often isn't just one right move "]
[Site "SchemingMind.com"]
[Date "2012.05.22"]
[Round "-"]
[White "kenneth m day"]
[Black "Ricsige"]
[Result "1-0"]
[WhiteCountry "USA"]
[BlackCountry "AHO"]
[WhiteElo "1754"]
[WhiteRD "54"]
[BlackElo "1424"]
[BlackRD "66"]
[GameID "310647"]

1. e4 c5 2. b4 cxb4 3. a3 Nc6 4. axb4 Nxb4 5. d4 d6 6. Nc3 g6 7. Bb2 Bg7 8. Nf3 Nf6 9. Bc4 Bg4 10. O-O O-O
11. Bb3 Qb6 12. Re1 Bxf3 13. gxf3 Nh5 14. Ne2 Rac8 15. c3 Nc6 16. Bc1 a6 17. Be3 Qd8 18. Qd2 Na5 19. Ba2 Nc4 20. Bxc4 Rxc4
21. Ng3 Nf6 22. Reb1 Rc7 23. d5 Nxd5 24. Qxd5 Bxc3 25. Ra3 Qd7 26. Rab3 e6 27. Qd3 Bg7 28. Bd2 Rb8 29. Ba5 b6 30. Bxb6 Rcb7
31. Qxa6 Qc6 32. Ne2 Bf8 33. Qa5 Be7 34. Nd4 Qc4 35. Rc3 Rxb6 36. Rxb6
1-0

[Event "There often isn't just one right move "]
[Site "SchemingMind.com"]
[Date "2012.05.18"]
[Round "-"]
[White "Clive Everill"]
[Black "smothered mate"]
[Result "0-1"]
[WhiteCountry "CZE"]
[BlackCountry "POL"]
[WhiteElo "1745"]
[WhiteRD "55"]
[BlackElo "1978"]
[BlackRD "63"]
[GameID "310652"]

1. Nf3 d5 2. d4 e6 3. c4 c5 4. cxd5 exd5 5. g3 Nc6 6. Bg2 Nf6 7. O-O Bg4 8. Ne5 Nxd4 9. Nxg4 Nxg4 10. e3 Nc6
11. Qxg4 h5 12. Qf5 Ne7 13. Qe5 h4 14. Nc3 Rc8 15. Nxd5 Rc6 16. Nxe7 Re6 17. Qxc5 Bxe7 18. Qxa7 hxg3 19. fxg3 Reh6 20. h3 Qd6
21. Qxb7 Qxg3 22. Qc8+ Bd8 23. Qg4 Qd6 24. Qf4 Qg6 25. Qe4+ Qxe4 26. Bxe4 Rxh3 27. Bd2 R8h4 28. Bc6+ Kf8 29. Rf4 Rh6 30. Bd5 Rg6+
31. Kf2 Rh2+ 32. Kf3 Rxd2 33. Bxf7 Rgg2 34. Rf1 Bf6 35. Bc4 Rxb2 36. e4 Ke7 37. Rg4 Rgc2 38. Bb3 Rc3+ 39. Kf4 Bd4 40. e5 Re2
41. Rxg7+ Ke8 42. Rg5 Rh2 43. Kg4 Bf2 44. Rg8+ Ke7 45. Rg7+ Kd8 46. Rd1+ Ke8 47. Rg8+ Ke7 48. Rg7+ Ke8 49. Rb7 Rh4+ 50. Kg5 Rg3+
51. Kf5 Rf3+ 52. Ke6 Rh6+ 53. Kd5 Rc3 54. e6 Rh5+ 55. Ke4 Re3+ 56. Kf4 Rh4+ 57. Kg5 Rg3+ 58. Kf5 Rf3+ 59. Ke5 Re3+ 60. Kd5 Rh5+
61. Kc6 Rc3+ 62. Kd6 Bg3#
0-1

[Event "There often isn't just one right move "]
[Site "SchemingMind.com"]
[Date "2012.05.18"]
[Round "-"]
[White "Naoki_M"]
[Black "Scooter"]
[Result "0-1"]
[WhiteCountry "JPN"]
[BlackCountry "USA"]
[WhiteElo "1523"]
[WhiteRD "114"]
[BlackElo "1779"]
[BlackRD "47"]
[GameID "310653"]

1. c4 c6 2. e4 d5 3. cxd5 cxd5 4. e5 Bf5 5. d4 e6 6. Nc3 Nc6 7. Nf3 Bb4 8. Bd2 Bg4 9. Be2 Bxf3 10. Bxf3 Nxd4
11. O-O Nxf3+ 12. Qxf3 Ne7 13. Rfd1 O-O 14. a3 Ba5 15. b4 Bc7 16. Bf4 Ng6 17. Re1 Nxf4 18. Qxf4 f6 19. Qd2 Bxe5 20. Rad1 Rc8
21. Ne2 Qd6 22. g3 Rc7 23. Rc1 Rfc8 24. Rxc7 Rxc7 25. f4 Qb6+ 26. Kf1 Bd6 27. Rb1 a5 28. Rb2 axb4 29. axb4 Rc4 30. b5 Re4
31. Qc2 Rb4 32. Qc8+ Kf7 33. Qd7+ Kg6 34. Qe8+ Kh6 35. g4 g6 36. g5+ fxg5 37. fxg5+ Kxg5 38. Qxe6 Rxb2 39. h4+ Kh6
0-1

[Event "There often isn't just one right move "]
[Site "SchemingMind.com"]
[Date "2012.05.22"]
[Round "-"]
[White "Ricsige"]
[Black "kenneth m day"]
[Result "1-0"]
[WhiteCountry "AHO"]
[BlackCountry "USA"]
[WhiteElo "1553"]
[WhiteRD "74"]
[BlackElo "1775"]
[BlackRD "51"]
[GameID "310654"]

1. d4 Nf6 2. c4 e6 3. Nf3 Bb4+ 4. Bd2 Qe7 5. Bxb4 Qxb4+ 6. Qd2 Qxc4 7. Nc3 d5 8. e4 Qc6 9. Bb5 O-O 10. Bxc6 Nxc6
11. exd5 exd5 12. O-O Bg4 13. Ne5 Nxe5 14. dxe5 Nd7 15. Qxd5 c6 16. Qd4 Be6 17. Ne4 Rfd8 18. Nd6 f6 19. Nxb7 Rdb8 20. Nc5 Nxc5
21. Qxc5 Bd5 22. b3 Rb5 23. Qd6 Rab8 24. e6 Re8 25. Rfe1 Rbb8 26. Rad1 Rbd8 27. Qc5 a6 28. e7 Rd7 29. Rxd5 Rxd5 30. Qxc6
1-0

[Event "There often isn't just one right move "]
[Site "SchemingMind.com"]
[Date "2012.05.21"]
[Round "-"]
[White "Quaff"]
[Black "capablanca"]
[Result "0-1"]
[WhiteCountry "ENG"]
[BlackCountry "GER"]
[WhiteElo "1656"]
[WhiteRD "80"]
[BlackElo "1672"]
[BlackRD "63"]
[GameID "310840"]

1. e4 e5 2. Nf3 Nf6 3. Nc3 Nc6 4. a3 d6 5. h3 Be7 6. Bc4 O-O 7. d3 Be6 8. Ba2 h6 9. Ne2 Bxa2 10. Rxa2 d5
11. exd5 Qxd5 12. c4 Qd7 13. O-O Nd4 14. Nxe5 Nxe2+ 15. Qxe2 Qe6 16. f4 Nd7 17. Re1 Nxe5 18. Qxe5 Qxe5 19. fxe5 c5 20. b3 Rad8
21. Rd1 Rfe8 22. Bf4 f6 23. Re2 fxe5 24. Rxe5 Bf6 25. Rxe8+ Rxe8 26. Kf1 Bd4 27. Rd2 Rf8 28. g3 g5
0-1

[Event "There often isn't just one right move "]
[Site "SchemingMind.com"]
[Date "2012.05.25"]
[Round "-"]
[White "emvarela"]
[Black "iwegiel"]
[Result "1/2-1/2"]
[WhiteCountry "ARG"]
[BlackCountry "POL"]
[WhiteElo "1746"]
[WhiteRD "46"]
[BlackElo "2065"]
[BlackRD "111"]
[GameID "310841"]

1. e4 e6 2. d4 d5 3. Nc3 Nf6 4. e5 Nfd7 5. f4 c5 6. Nf3 Nc6 7. Be3 a6 8. Qd2 b5 9. dxc5 Bxc5 10. Bxc5 Nxc5
11. b4 Ne4 12. Nxe4 dxe4 13. Qxd8+ Kxd8 14. Ng5 Nxb4 15. Nxf7+ Ke7 16. Nxh8 Nxc2+ 17. Kd2 Nxa1 18. Be2 Bb7 19. Rxa1 Rxh8 20. Rc1 Kd7
21. Ke3 Rc8 22. Rxc8 Bxc8 23. Bd1 Bb7 24. Bc2 g6=
1/2-1/2

[Event "There often isn't just one right move "]
[Site "SchemingMind.com"]
[Date "2012.05.21"]
[Round "-"]
[White "Rabinho de la Glen"]
[Black "aelawton"]
[Result "0-1"]
[WhiteCountry "ENG"]
[BlackCountry "GBR"]
[WhiteElo "1637"]
[WhiteRD "140"]
[BlackElo "1891"]
[BlackRD "86"]
[GameID "310844"]

1. c4 e5 2. Nc3 Nc6 3. d3 Nf6 4. Bg5 Be7 5. Bxf6 Bxf6 6. g3 O-O 7. Nf3 Nd4 8. Bg2 Ne6 9. Nd5 c6 10. Nxf6+ Qxf6
11. Nd2 Nc7 12. Ne4 Qg6 13. Nc3 d6 14. O-O Ne6 15. b4 Bd7 16. Ne4 Nf4 17. c5 d5 18. Nd6 b5 19. d4 e4 20. e3 Nxg2
21. Kxg2 Bg4 22. Qc2 Bf3+ 23. Kg1 Qg4 24. a4 Qh3 25. axb5 Qg2#
0-1

[Event "There often isn't just one right move "]
[Site "SchemingMind.com"]
[Date "2012.05.21"]
[Round "-"]
[White "capablanca"]
[Black "Quaff"]
[Result "0-1"]
[WhiteCountry "GER"]
[BlackCountry "ENG"]
[WhiteElo "1672"]
[WhiteRD "63"]
[BlackElo "1656"]
[BlackRD "80"]
[GameID "310847"]

1. e4 e5 2. Nf3 Nc6 3. Bc4 h6 4. d4 exd4 5. Nxd4 Bc5 6. Nxc6 Qf6 7. Qe2 bxc6 8. O-O Ne7 9. Nd2 Ng6 10. Nf3 d6
11. c3 Bg4 12. h3 Bxf3 13. Qxf3 Qxf3 14. gxf3 Ne5 15. Be2 g5 16. Be3 Bb6 17. Rfd1 Ke7 18. f4 gxf4 19. Bd4 f6 20. b4 Rhg8+
21. Kh1 f3 22. Bd3 Rg2 23. Rg1 Nxd3 24. Rxg2 fxg2+ 25. Kxg2 Bxd4 26. cxd4 Nxb4
0-1

[Event "There often isn't just one right move "]
[Site "SchemingMind.com"]
[Date "2012.05.25"]
[Round "-"]
[White "iwegiel"]
[Black "emvarela"]
[Result "1-0"]
[WhiteCountry "POL"]
[BlackCountry "ARG"]
[WhiteElo "2089"]
[WhiteRD "105"]
[BlackElo "1731"]
[BlackRD "50"]
[GameID "310848"]

1. e4 e5 2. Nc3 Nf6 3. g3 d5 4. exd5 Nxd5 5. Bg2 Nxc3 6. bxc3 c6 7. Nf3 Bd6 8. O-O Bg4 9. Re1 Bxf3 10. Qxf3 Nd7
11. Rb1 Rb8 12. d4 f6 13. Bh3 Kf7 14. d5 Qc7 15. Be3 Rhe8 16. Be6+ Rxe6 17. dxe6+ Kxe6 18. Qg4+ Kf7 19. Red1 b6 20. Rd2 g6
21. Qh3 Nf8 22. Rbd1 Rd8 23. Bh6 Ne6 24. Be3 Nf8 25. c4 h5 26. c5 Be7 27. Rxd8 Bxd8 28. Qf1 Ne6 29. Qd3 Be7 30. Qd7 Qxd7
31. Rxd7 Nxc5 32. Bxc5 bxc5 33. Rxa7 Ke6 34. c4 Kd6 35. a4 Bd8 36. a5 f5 37. a6
1-0

[Event "There often isn't just one right move "]
[Site "SchemingMind.com"]
[Date "2012.05.21"]
[Round "-"]
[White "aelawton"]
[Black "Rabinho de la Glen"]
[Result "1-0"]
[WhiteCountry "GBR"]
[BlackCountry "ENG"]
[WhiteElo "1893"]
[WhiteRD "81"]
[BlackElo "1618"]
[BlackRD "137"]
[GameID "310851"]

1. e4 e5 2. Nf3 Nc6 3. Bc4 f6 4. c3 Na5 5. Bb5 c6 6. Ba4 Nc4 7. O-O Nb6 8. Bb3 d5 9. exd5 Nxd5 10. Re1 Bg4
11. d4 Bd6 12. c4 Nde7 13. c5 Bc7 14. Qd3 Bxf3 15. Qxf3 Qxd4 16. Nc3 O-O-O 17. Be6+ Kb8 18. Be3 Qb4 19. Rab1 f5 20. Re2 e4
21. Qh3 g6 22. a3 Qa5 23. Bc4 Be5 24. Rc2 Qc7 25. a4 Bxh2+ 26. Qxh2
1-0

[Event "There often isn't just one right move "]
[Site "SchemingMind.com"]
[Date "2012.09.10"]
[Round "-"]
[White "kingsman2"]
[Black "Olli Ylönen"]
[Result "0-1"]
[WhiteCountry "NIR"]
[BlackCountry "FIN"]
[WhiteElo "1513"]
[WhiteRD "116"]
[BlackElo "1841"]
[BlackRD "55"]
[GameID "317363"]

1. d4 Nf6 2. c4 g6 3. e3 Bg7 4. Nf3 O-O 5. Nc3 d6 6. Bd3 Nbd7 7. O-O e5 8. dxe5 dxe5 9. Ng5 h6 10. Nge4 Nxe4
11. Nxe4 f5 12. Nc3 Nc5 13. Be2 e4 14. f3 exf3 15. Bxf3 Bxc3 16. Bd5+ Kg7 17. bxc3 c6 18. Bf3 Qxd1 19. Rxd1 Be6 20. Ba3 b6
21. Rd6 Bxc4 22. Bxc5 bxc5 23. Rxc6 Rac8 24. Rd6 a6 25. a4 Rfd8 26. Rad1 Rxd6
0-1